000 00675nam a2200217 a 4500
001 21546
003 CO-ViMGA
008 141112s2004 ck r 000 u spa d
020 _a8484881709
040 _aCO-ViMGA
_bspa
_cCO-ViMGA
082 0 4 _aORMb
100 1 _aOrmerod, Jan
_930773
245 1 0 _aBuenas noches
260 _aBarcelona :
_bSerres,
_c2005
300 _a20
590 _aForma de adquisición : Donación fact. 8848 - - Precio : 49000 - - Proveedor : Fundación exito - - Fecha de adquisición : Junio 2007
650 1 4 _aALBUMES INFANTILES
_92002
650 1 4 _aCUENTOS INFANTILES INGLESES
_915884
650 1 4 _aLIBROS PARA NIÑOS
_930774
942 _2ddc
_cBK
999 _c30132
_d30132